000 00700nam a2200229 i 4500
001 C2-0329989
003 PPAK
005 20180728130928.0
008 150215s2013 my a|||| ||||| | may d
040 _aPPAK
_beng
_cPPAK
_erda
082 0 4 _a650.076
_223
090 0 0 _a650.076
_bMOK
_dR
100 0 _aMokhtar Pet,
_eauthor
245 1 0 _aPengajian Perniagaan
_bpengurusan penggal 2 edisi kemaskini
264 1 _aSelangor, Malaysia :
_bOxford Fajar Sdn. Bhd. ,
_c2013
300 _axvii, 253 pages :
_billustrations ;
_c25 cm
336 _2rdacontent
_atext
337 _2rdamedia
_aunmediated
338 _2rdacarrier
_avolume
650 1 0 _aBusiness - Problems, exercises, etc
942 _ddc
_cB
999 _c129142
_d129142